Περιβαλλοντική ηθική : από την έρευνα και τη θεωρία στην εφαρμογή

Αποθηκεύτηκε σε:
Λεπτομέρειες βιβλιογραφικής εγγραφής
Άλλοι συγγραφείς: Θεοδωροπούλου, Έλενα Κ. (Επιμελητής έκδοσης), Καΐλα, Μαρία Α. (Επιμελητής έκδοσης)
Μορφή: Βιβλίο
Γλώσσα:Greek
Δημοσίευση: [Αθήνα] : Ατραπός, 2009.
Θέματα:
Ετικέτες: Προσθήκη ετικέτας
Δεν υπάρχουν, Καταχωρήστε ετικέτα πρώτοι!

MARC

LEADER 00000cam a2200000 i 4500
001 1/21516
008 120628s2009 gr | ||| |||| ||gre||
020 |a 9789604590513   |q (σετ)  
020 |a 9789609541619 
020 |a 9789609541596 
035 |l 10112886 
040 |a GR-MY-UA  |b gre  |e aacr 
041 0 |a gre 
082 7 |a 179.1   |2 (22) 
245 1 0 |a Περιβαλλοντική ηθική :   |b από την έρευνα και τη θεωρία στην εφαρμογή /   |c επιμέλεια: Θεοδωροπούλου Έλενα, Καϊλα Μαρία, Bonnett Michael, Larrere Catherine ; πρόλογος της Α.Θ.Π. Οικουμενικού Πατριάρχου κ.κ. Βαρθολομαίου.  
260 |a [Αθήνα] :   |b Ατραπός,   |c 2009.  
300 |a 351 σ. :   |b πιν. ;   |c 25 εκ.  
500 |a Το τρίτο αντίτυπο της Ρόδου έχει εκδοθεί από τις εκδόσεις Διάδραση το 2011.  
504 |a Περιέχει βιβλιογραφικές παραπομπές.  
650 0 0 |a Environmental ethics. 
650 0 0 |a Environmental responsibility. 
650 0 0 |a Human ecology. 
700 1 |a Θεοδωροπούλου, Έλενα Κ.  |4 edt 
700 1 |4 edt  |a Καΐλα, Μαρία Α. 
852 |a INST  |b RHODES  |e 20120628  |h 179.1 ΠΕΡ  |p 005400034449  |q 005400034449  |t BK  |y 0 
852 |a INST  |b RHODES  |e 20130328  |h 179.1 ΠΕΡ  |p 005400035056  |q 005400035056  |t BK  |y 0 
852 |a INST  |b RHODES  |c EUDOXUS  |e 20130514  |h 179.1 ΠΕΡ  |p 005400035175  |q 005400035175  |t EDX  |y 0 
852 |a INST  |b RHODES  |c EUDOXUS  |e 20140611  |h 179.1 ΠΕΡ  |p 005400036595  |q 005400036595  |t EDX  |y 0 
901 |a BIBL4-2012-2 
901 |a BIBL4-2013-1 
901 |a BIBL4-2013-2 
901 |a BIBL4-2014-2 
909 |a Ρ  |b 171083 
909 |a Ρ  |b 183097 
909 |a Ρ  |b 176587 
909 |a Ρ  |b 176704 
920 |a ΕΥΔΟΞΟΣ  |b ΠΑΡΑΓΓΕΛΙΑ  |y Ρόδος-ΤΕΠΑΕΣ  |z 2013-04 
920 |a ΕΥΔΟΞΟΣ  |b ΕΠΙΣΤΡΟΦΗ  |y Ρόδος  |z 2014-06 
922 |a 4ΕΛΗ 
970 |z 2012/06/28